Zákon o dani z pridanej hodnoty s komentárom

Zákon č. 222/2004 Z.z. o dani z pridanej hodnoty v znení ďalších zákonov ... a zákona č. 593/2007 Z.z. Komentár k novelizovanému zákonu.

Gespeichert in:
Bibliographische Detailangaben
1. Verfasser: Zuziková, Alena
Format: Buchkapitel
Sprache:Slowakisch
Schlagworte:
Tags: Tag hinzufügen
Keine Tags, Fügen Sie das erste Tag hinzu!

MARC

LEADER 00000naa$a2200000$$$4500
001 0071112
005 20231120082104.6
041 0 |a slo 
044 |a SK 
245 1 0 |a Zákon o dani z pridanej hodnoty s komentárom  |c Alena Zuziková 
520 |a Zákon č. 222/2004 Z.z. o dani z pridanej hodnoty v znení ďalších zákonov ... a zákona č. 593/2007 Z.z. Komentár k novelizovanému zákonu. 
610 2 0 |a dane z hodnoty pridanej 
610 2 0 |a zákony 
610 2 0 |a Slovensko 
610 2 0 |a komentáre 
100 1 |a Zuziková, Alena